Biblioteca

Toda rodilla se doblará : (Registro nro. 50385)

Detalles MARC
000 -LÍDER
Campo fijo de descripción fija 02015aab a2200205 i 4500
001 - NÚMERO DE CONTROL
Campo de control 768714001
003 - IDENTIFICADOR DEL NÚMERO DE CONTROL
Campo de control CO-MdFUSB
005 - FECHA Y HORA DE LA ULTIMA TRANSACCIÓN
control field 20250305123848.0
008 - ELEMENTOS DE LONGITUD FIJA -- INFORMACIÓN GENERAL
Campo fijo de descripción fija -- Información general 170818s1989 cr ||||| |||| 00| 0 spa d
040 ## - FUENTE DE CATALOGACIÓN
Agencia Catalogadora CO-MdFUSB
Idioma de catalogación spa
Agencia que realiza la transcripción CO-MdFUSB
Agencia que realiza la modificación CO-MdFUSB
041 ## - CÓDIGO DE IDIOMA
Código de idioma para texto/pista de sonido o título separado spa
100 1# - ASIENTO PRINCIPAL--NOMBRE PERSONAL
Nombre personal Baxter, Ern (-1993)
Término relacionador autor
245 10 - TÍTULO
Título Toda rodilla se doblará :
Subtitulo ¿qué dice Dios de discipular las naciones?
Mención de responsabilidad / Ern Baxter
300 ## - DESCRIPCIÓN FÍSICA
Extensión Volumen 1. Número 12 (1989), páginas 218-222
Dimensiones : 28 cm.
520 ## - NOTA DE RESUMEN, ETC.
Nota de sumario, etc. El texto reflexiona sobre el papel de la comunidad cristiana en el gobierno de las naciones según el plan de Dios. A partir de las escrituras de Filipenses 2:10-11, Isaías 45:22-23, y Hechos 17:26, se aborda la idea de que Dios ha creado las naciones con un propósito y que, aunque algunas naciones se aparten temporalmente de Su voluntad, todas están bajo Su soberanía. Dios eligió a Israel para ser Su instrumento en la tierra, y los cristianos son parte de una comunidad profética encargada de llevar la verdad y la salvación a las naciones.<br/><br/>El autor subraya la importancia de ver el mundo desde una perspectiva bíblica, proclamando la verdad de Cristo en todas las áreas de la vida (política, economía, educación), y orando por los líderes y las naciones. El destino final de las naciones es rendirse ante el señorío de Jesucristo, lo cual se concretará al final de los tiempos. Los cristianos tienen la responsabilidad de llevar este mensaje de esperanza y redención, actuando como una comunidad que, con fe y obediencia, moldeará la historia bajo la dirección de Dios.<br/>Se hace un llamado a la acción, invitando a los creyentes a unirse en oración y a trabajar por la unidad, redención y restauración de las naciones, reconociendo que la voluntad de Dios es que todas las naciones se sometan a Su autoridad.
650 #0 - ASIENTO SECUNDARIO DE MATERIA - TERMINO TEMÁTICO
Término temático o nombre geográfico como elemento de entrada Misiones
9 (RLIN) 154
773 0# - ASIENTO DE ITEM FUENTE
Título Conquista Cristiana
Biblionumber 49446
Itemnumber 60364
Parte(s) relacionada(s) / Volumen., número. (mes año), páginas Volumen 1. Número 12 (1989), páginas 218-222
Enumeración y primera página Página 18
942 ## - TIPO DE MATERIAL (KOHA)
Tipo de Item KOHA Artículos de Revista
945 ## - INFORMACIÓN LOCAL DEL REGISTRO
Catalogador JTF-925

No hay ítems disponibles.

Biblioteca FUSBC | Teléfono: (57+4) 349 88 10 Ext. 141| WhatsApp (+57) 3005338115 
E-mail: biblioteca@unisbc.edu.co | Calle 76 87-14 Robledo Palenque, Medellín, Colombia

Con tecnología Koha